[Event "Titled Tue 3rd Jun Early"]
[Site "chess.com INT"]
[Date "2025.06.03"]
[Round "10"]
[White "Rustemov, Alexander"]
[Black "Jaskolka, Tomasz"]
[Result "0-1"]
[WhiteTitle "GM"]
[BlackTitle "CM"]
[WhiteElo "2525"]
[BlackElo "2200"]
[WhiteFideId "4119002"]
[BlackFideId "1170791"]
[EventDate "2025.06.03"]

1. d4 d5 2. c4 e6 3. Nc3 Nf6 4. Nf3 c6 5. e3 Nbd7 6. Qc2 Bd6 7. Bd2 O-O 8. O-O-O
dxc4 9. Bxc4 b5 10. Bd3 b4 11. Ne4 Nxe4 12. Bxe4 Nf6 13. Bxc6 Rb8 14. Kb1 a5 15.
e4 Be7 16. Bf4 Rb6 17. Rc1 Ba6 18. Rhd1 a4 19. Bxa4 Bb7 20. Bc7 Qa8 21. d5 Rc8
22. Bxb6 Rxc2 23. Bxc2 exd5 24. e5 Ne4 25. Bb3 h6 26. Bd4 Bc6 27. Rc2 Ba4 28.
Rdc1 Qa6 29. Bxa4 Qxa4 30. Rc8+ Kh7 31. R8c7 Bg5 32. Nxg5+ hxg5 33. b3 Nd2+ 34.
Kc2 Qxa2+ 35. Kd3 Nxb3 36. R1c2 Qb1 37. Be3 Qd1+ 38. Bd2 Qf1+ 39. Ke3 Qxg2 40.
f3 Qg1+ 41. Ke2 Nd4+ 42. Kd3 Nxc2 43. Rxc2 Qf1+ 44. Ke3 d4+ 45. Kxd4 Qxf3 46.
Be3 Qd1+ 47. Rd2 Qa1+ 48. Ke4 b3 49. Bd4 Qe1+ 50. Kd5 Qxd2 51. Ke4 b2 52. Bxb2
Qxb2 53. e6 fxe6 54. h4 gxh4 0-1

[Event "Titled Tue 3rd Jun Early"]
[Site "chess.com INT"]
[Date "2025.06.03"]
[Round "10"]
[White "Haug, Havard"]
[Black "Rubes, Jan"]
[Result "0-1"]
[WhiteTitle "FM"]
[BlackTitle "IM"]
[WhiteElo "2354"]
[BlackElo "2426"]
[WhiteFideId "1547887"]
[BlackFideId "338176"]
[EventDate "2025.06.03"]

1. e4 e5 2. Nf3 Nc6 3. d4 exd4 4. Nxd4 Nf6 5. Nxc6 bxc6 6. Bd3 d5 7. exd5 cxd5
8. O-O Be7 9. c4 O-O 10. Nc3 c6 11. cxd5 cxd5 12. Be3 Be6 13. Bd4 a5 14. Qf3 a4
15. h3 Qd6 16. Rfe1 Rfb8 17. Be5 Qb6 18. Bxb8 Qxb8 19. b3 Bb4 20. Rec1 axb3 21.
axb3 Rxa1 22. Rxa1 Bxc3 23. Bxh7+ Kxh7 24. Qxc3 Ne4 25. Qe3 Nd6 26. Rd1 g6 27.
Qg3 Qb6 28. Qh4+ Kg7 29. Qd4+ Qxd4 30. Rxd4 Kf6 31. f3 Ke5 32. Rb4 d4 33. Kf2
Kd5 34. Ke2 Kc5 35. Rb8 Nb5 36. Kd3 Bxb3 37. h4 Bc4+ 38. Kd2 d3 39. g4 Nd4 40.
Ke3 Nb3 41. h5 gxh5 42. gxh5 d2 43. Rd8 f5 44. h6 f4+ 45. Kf2 Nd4 46. Rxd4 Kxd4
47. h7 d1=Q 48. h8=Q+ Kd3 49. Qd8+ Kc2 50. Qa5 Qf1# 0-1

[Event "Titled Tue 3rd Jun Early"]
[Site "chess.com INT"]
[Date "2025.06.03"]
[Round "10"]
[White "Madhesh Kumar S"]
[Black "Daspres, Loic"]
[Result "1-0"]
[WhiteTitle "CM"]
[BlackTitle "CM"]
[WhiteElo "2243"]
[BlackElo "2207"]
[WhiteFideId "25168649"]
[BlackFideId "20612281"]
[EventDate "2025.06.03"]

1. e4 c5 2. Nf3 e6 3. d4 cxd4 4. Nxd4 Nf6 5. Nc3 Nc6 6. Be2 Bb4 7. Nxc6 bxc6 8.
Bd2 Bxc3 9. Bxc3 Nxe4 10. Bxg7 Rg8 11. Bd4 Qa5+ 12. c3 Ba6 13. O-O Qd5 14. f3
Bxe2 15. Qxe2 Nd6 16. Rfd1 Qg5 17. Be5 Nf5 18. Rd3 Nh4 19. Bg3 Nf5 20. Be1 a5
21. Rad1 Ra7 22. Qd2 Qxd2 23. R1xd2 Rb7 24. Bf2 d5 25. Kf1 Nd6 26. b3 a4 27. Bc5
axb3 28. axb3 Nf5 29. g4 Ne7 30. Ra2 Kd7 31. b4 Rgb8 32. Rd1 Ng6 33. Kf2 Ne5 34.
Kg3 Nc4 35. Rda1 Rg8 36. h4 Rgb8 37. h5 Rg8 38. Kf4 f6 39. Kg3 Kc7 40. Ra7 Rxa7
41. Rxa7+ Kb8 42. Rxh7 f5 43. Re7 fxg4 44. fxg4 Ne5 45. Bd6+ Kc8 46. Bxe5 Kd8
47. Rxe6 Kd7 48. Rd6+ Ke7 49. Rxc6 Rf8 50. Bd6+ 1-0

[Event "Titled Tue 3rd Jun Early"]
[Site "chess.com INT"]
[Date "2025.06.03"]
[Round "10"]
[White "Khamdamova, Afruza"]
[Black "Hoepfl, Thomas"]
[Result "1-0"]
[WhiteTitle "WIM"]
[BlackTitle "FM"]
[WhiteElo "2344"]
[BlackElo "2194"]
[WhiteFideId "14210444"]
[BlackFideId "4615182"]
[EventDate "2025.06.03"]

1. e4 e5 2. Nf3 Nc6 3. Bb5 a6 4. Ba4 Nf6 5. O-O Be7 6. Re1 b5 7. Bb3 d6 8. c3
O-O 9. h3 Na5 10. Bc2 c5 11. d4 Qc7 12. Nbd2 Bd7 13. d5 g6 14. b3 Nh5 15. Nf1
Nb7 16. Bh6 Ng7 17. Ng3 f6 18. Be3 Nd8 19. Qd2 Nf7 20. Kh2 a5 21. a4 b4 22. cxb4
cxb4 23. Bd3 Rfc8 24. Rec1 Qb7 25. Qe2 Bd8 26. Nd2 Bb6 27. Nc4 Bxe3 28. Qxe3
Rcb8 29. f4 Ne8 30. Rf1 Qa7 31. Qf3 Qd4 32. Rad1 Qc3 33. f5 Ng5 34. Qe3 Kg7 35.
h4 Nf7 36. fxg6 hxg6 37. h5 Ng5 38. hxg6 Kxg6 39. Nf5 Bxf5 40. Rxf5 Ng7 41. Rf2
Rh8+ 42. Kg1 Rad8 43. Rdf1 Ne8 44. Nd2 Rd7 45. Nf3 Rdh7 46. Rc2 Qxb3 47. Nxg5
fxg5 48. Rf5 Rh1+ 49. Kf2 R8h5 50. Bb5 Nf6 51. Qxb3 Nxe4+ 52. Ke3 Kxf5 53. Bd3
Kf6 54. Bxe4 g4 55. Rf2+ Ke7 56. Qc4 g3 57. Qc7+ 1-0

[Event "Titled Tue 3rd Jun Early"]
[Site "chess.com INT"]
[Date "2025.06.03"]
[Round "10"]
[White "Ahmad, Khagan"]
[Black "Paravyan, David"]
[Result "1/2-1/2"]
[WhiteTitle "IM"]
[BlackTitle "GM"]
[WhiteElo "2405"]
[BlackElo "2596"]
[WhiteFideId "13431552"]
[BlackFideId "4194985"]
[EventDate "2025.06.03"]

1. d4 d5 2. c4 e6 3. Nf3 Nf6 4. Nc3 c5 5. cxd5 Nxd5 6. e3 cxd4 7. exd4 Nxc3 8.
bxc3 Qc7 9. Bd2 Nd7 10. Bd3 Bd6 11. c4 b6 12. Ng5 Nf6 13. O-O Bxh2+ 14. Kh1 Bf4
15. d5 Qe5 16. Nh3 Bxd2 17. Qxd2 Bb7 18. Rae1 Qd4 19. dxe6 O-O-O 20. e7 Rd7 21.
Rd1 Qg4 22. f3 Qh5 23. Qf4 Rxe7 24. Bf5+ Nd7 25. Rd6 Rd8 26. Rfd1 g6 27. Bg4 Qc5
28. Rxd7 Rexd7 29. Qxf7 Bc6 30. Qxh7 Qxc4 31. Qxg6 Kb7 32. Bxd7 Rxd7 33. Rxd7+
Bxd7 34. Qe4+ Qxe4 35. fxe4 b5 36. Nf4 b4 37. Nd3 a5 38. Kg1 Kb6 39. Kf2 Be6 40.
Nc1 Kc5 41. Ke3 a4 42. Nd3+ Kc4 43. Nf4 Bg8 44. e5 b3 45. axb3+ axb3 46. Nd3 Kc3
47. Nc5 Kc4 48. Nxb3 Kxb3 49. Kd4 Kc2 50. g4 Kd2 51. g5 Bf7 52. Kc5 Ke3 53. Kd6
Kf4 54. e6 Bxe6 55. Kxe6 Kxg5 1/2-1/2

[Event "Titled Tue 3rd Jun Early"]
[Site "chess.com INT"]
[Date "2025.06.03"]
[Round "10"]
[White "Shukhman, Anna"]
[Black "Ter-Sahakyan, Samvel"]
[Result "0-1"]
[WhiteTitle "WGM"]
[BlackTitle "GM"]
[WhiteElo "2413"]
[BlackElo "2611"]
[WhiteFideId "54180058"]
[BlackFideId "13302531"]
[EventDate "2025.06.03"]

1. e4 e5 2. Nf3 Nc6 3. d4 exd4 4. Nxd4 Nf6 5. Nxc6 bxc6 6. e5 Nd5 7. c4 Nb6 8.
Nc3 d5 9. cxd5 cxd5 10. Bb5+ Bd7 11. e6 Bxb5 12. exf7+ Kxf7 13. Qh5+ g6 14. Qf3+
Kg7 15. Nxb5 Qe8+ 16. Qe2 Bb4+ 17. Kd1 Qxe2+ 18. Kxe2 c6 19. Nd4 Rhe8+ 20. Kd3
c5 21. a3 Re4 22. Ne6+ Rxe6 23. axb4 cxb4 24. Be3 Nc4 25. Bd4+ Kf7 26. b3 Ne5+
27. Kd2 Nc6 28. Bc5 a5 29. Rhe1 Rae8 30. Rxe6 Rxe6 31. Kd3 g5 32. Bb6 Ne5+ 33.
Kd4 Rxb6 34. Kxe5 Re6+ 35. Kxd5 Re2 36. Rxa5 Rxf2 37. Ra7+ Kg6 38. Rb7 Rxg2 39.
Rxb4 Rxh2 40. Rd4 Kf5 41. Rd1 h5 42. b4 Rb2 43. Rf1+ Kg6 44. Kc5 g4 45. Rf8 Kg5
46. Rg8+ Kf4 47. Rf8+ Kg3 48. b5 h4 49. b6 h3 50. Rh8 h2 51. Kc6 Kg2 52. b7 h1=Q
53. Rxh1 Kxh1 0-1

[Event "Titled Tue 3rd Jun Early"]
[Site "chess.com INT"]
[Date "2025.06.03"]
[Round "10"]
[White "Demchenko, Anton"]
[Black "Moskalenko, Alexander"]
[Result "1-0"]
[WhiteTitle "GM"]
[BlackTitle "GM"]
[WhiteElo "2619"]
[BlackElo "2422"]
[WhiteFideId "4160258"]
[BlackFideId "4155351"]
[EventDate "2025.06.03"]

1. e4 e5 2. Nf3 Nc6 3. Bc4 Bc5 4. d3 Nf6 5. Bg5 h6 6. Bh4 Be7 7. Bg3 d6 8. a4
Be6 9. Bxe6 fxe6 10. c3 a5 11. O-O O-O 12. Nbd2 b6 13. h3 Qe8 14. Qb3 Qd7 15.
Rac1 Nh5 16. Qb5 Nxg3 17. fxg3 Bf6 18. Nc4 Rad8 19. Ne3 Ne7 20. Ng4 Qxb5 21.
axb5 Ng6 22. Ra1 d5 23. Rad1 h5 24. Nf2 Be7 25. h4 Bd6 26. Nh3 dxe4 27. dxe4
Bc5+ 28. Kh2 Rd6 29. Nhg5 Rfd8 30. Rde1 c6 31. bxc6 Rxc6 32. Re2 a4 33. Ra1 b5
34. c4 bxc4 35. Rxa4 Bd4 36. Rc2 Rdc8 37. Rb4 Nf8 38. Rb7 R6c7 39. Rxc7 Rxc7 40.
Nd2 c3 41. bxc3 Rxc3 42. Ra2 Be3 43. Ndf3 Bxg5 44. Nxg5 Rc8 45. Ra5 Ng6 46. Nxe6
Re8 47. Ng5 Nf8 48. Kh3 Nh7 49. Nxh7 Kxh7 50. g4 hxg4+ 51. Kxg4 Kg6 52. h5+ Kh6
53. Ra6+ Kh7 54. g3 Re7 55. Kg5 Re8 56. g4 Kg8 57. Kg6 Rf8 58. g5 Kh8 59. Re6
Rd8 60. Rxe5 Rd6+ 61. Kf7 Kh7 62. Re6 Rd1 63. Rh6+ gxh6 64. g6+ Kh8 65. g7+ Kh7
66. g8=Q# 1-0

[Event "Titled Tue 3rd Jun Early"]
[Site "chess.com INT"]
[Date "2025.06.03"]
[Round "10"]
[White "Sanhueza, Cristian"]
[Black "Belov, Alexei"]
[Result "0-1"]
[WhiteTitle "FM"]
[BlackTitle "IM"]
[WhiteElo "2182"]
[BlackElo "2421"]
[WhiteFideId "116815"]
[BlackFideId "4128206"]
[EventDate "2025.06.03"]

1. e4 e6 2. d4 d5 3. Nd2 Nf6 4. e5 Nfd7 5. c3 c5 6. Bd3 Nc6 7. Ne2 f6 8. Nf4 Qe7
9. Nf3 cxd4 10. cxd4 fxe5 11. dxe5 Ndxe5 12. Nxe5 Nxe5 13. Qh5+ Nf7 14. O-O g6
15. Qe2 Bg7 16. Re1 Ne5 17. Bb5+ Bd7 18. Nxe6 Qxe6 19. Bf4 O-O 20. Bxd7 Qxd7 21.
Bxe5 Rae8 22. f4 Rf5 23. Qc2 Bxe5 24. fxe5 Rfxe5 25. Rxe5 Rxe5 26. Rc1 Qe7 27.
Qc8+ Qe8 28. Qxe8+ Rxe8 29. Rc7 b6 30. Rd7 Re2 31. Rxd5 Rxb2 32. Rd8+ Kf7 33.
Rd7+ Kf6 34. Rxa7 h5 35. h4 Kf5 36. Kh2 Kg4 37. Ra4+ Kf5 38. Ra8 b5 39. Kh3 Rb4
40. Rf8+ Ke6 41. Rg8 Kf6 42. Rb8 Rb2 43. g3 Ke5 44. Rb6 Kd4 45. Rxg6 Rxa2 46.
Rg5 b4 47. Rxh5 Kc4 48. Rh8 Ra5 49. g4 b3 50. Rc8+ Rc5 51. Rb8 Rb5 52. Rc8+ Kd3
53. Rc1 b2 54. Rb1 Kc2 55. Rg1 Rb3+ 56. Kh2 Rd3 57. g5 Rd1 58. Rg2+ Rd2 59. g6
b1=Q 0-1

[Event "Titled Tue 3rd Jun Early"]
[Site "chess.com INT"]
[Date "2025.06.03"]
[Round "10"]
[White "Tahmasebi, Hamidreza"]
[Black "Galperin, Platon"]
[Result "0-1"]
[WhiteTitle "FM"]
[BlackTitle "GM"]
[WhiteElo "2298"]
[BlackElo "2494"]
[WhiteFideId "12537527"]
[BlackFideId "14165414"]
[EventDate "2025.06.03"]

1. e4 e5 2. Nf3 Nc6 3. Bb5 a6 4. Bxc6 dxc6 5. O-O f6 6. d4 exd4 7. Nxd4 c5 8.
Nb3 Be6 9. Bf4 Qd7 10. Qxd7+ Kxd7 11. Rd1+ Kc6 12. Nc3 b6 13. Nd5 Rc8 14. c4 Ne7
15. Nxc7 Bxc4 16. Ne6 Ng6 17. Nd8+ Rxd8 18. Rxd8 Nxf4 19. Rad1 Bxb3 20. axb3
Ne2+ 21. Kf1 Nd4 22. b4 g6 23. bxc5 bxc5 24. Ra1 Kb6 25. b4 Nc6 26. bxc5+ Kc7
27. Ra8 a5 28. Rd1 Bg7 29. Ra6 Bf8 30. f4 Be7 31. e5 fxe5 32. fxe5 Rb8 33. e6
Rd8 34. Rb1 Rd5 35. Ra8 Bxc5 36. Re8 Rf5+ 37. Ke2 Re5+ 38. Kd3 Kd6 39. Rc1 Rd5+
40. Kc4 Re5 41. Kb5 Be3+ 42. Ka6 Bxc1 43. Rh8 Rxe6 44. Rxh7 Kc5 45. Rc7 a4 46.
Kb7 a3 47. Rc8 Re7+ 48. Rc7 Rxc7+ 49. Kxc7 a2 50. Kd7 a1=Q 51. Ke6 Qe5+ 52. Kf7
Qf5+ 53. Kg8 Qe6+ 54. Kh7 Qf7+ 55. Kh8 Bb2# 0-1

[Event "Titled Tue 3rd Jun Early"]
[Site "chess.com INT"]
[Date "2025.06.03"]
[Round "10"]
[White "Jovic, Stanoje"]
[Black "Myagmarsuren, Evsuld"]
[Result "0-1"]
[WhiteTitle "FM"]
[BlackTitle "FM"]
[WhiteElo "2096"]
[BlackElo "2292"]
[WhiteFideId "905020"]
[BlackFideId "1551639"]
[EventDate "2025.06.03"]

1. c4 c6 2. e4 d5 3. exd5 cxd5 4. cxd5 Nf6 5. Qa4+ Nbd7 6. Bc4 g6 7. d3 Bg7 8.
Nc3 O-O 9. Nf3 Nb6 10. Qb3 Bf5 11. O-O Rc8 12. Re1 Nfd7 13. Be3 Nc5 14. Bxc5
Rxc5 15. a4 a6 16. a5 Nxc4 17. dxc4 Qc7 18. Ra4 Bd3 19. Nd2 Rc8 20. Rb4 Qxa5 21.
Rxb7 Bxc4 22. Nxc4 Rxc4 23. g3 Bxc3 24. bxc3 Rxc3 25. Qb6 Qxd5 26. Rbxe7 a5 27.
Qf6 Rc1 28. h4 h5 29. Kh2 Rxe1 30. Rxe1 a4 31. Re5 Qc6 32. Qe7 Qc2 33. Kg2 Qd3
34. Re3 Qd5+ 35. Kh2 Rc1 36. Re1 Rxe1 37. Qxe1 a3 38. Qe8+ Kh7 39. Qa4 a2 40.
Qa7 Kg7 41. Qa3 Kh7 42. Qa7 Qe6 43. Qa3 Qe2 44. Qa7 Qe6 45. Qa3 Qc4 46. Qa7 Kg8
47. Qa3 Qd5 48. Qa7 Kg7 49. Qa3 Kf6 50. Qc3+ Ke6 51. Qe3+ Qe5 52. Qb6+ Kf5 53.
Qa7 a1=Q 0-1

[Event "Titled Tue 3rd Jun Early"]
[Site "chess.com INT"]
[Date "2025.06.03"]
[Round "10"]
[White "Petrus, Adrian"]
[Black "Saiz Rodriguez, Daniel Evelio"]
[Result "0-1"]
[WhiteTitle "CM"]
[BlackTitle "FM"]
[WhiteElo "2203"]
[BlackElo "2187"]
[WhiteFideId "14573652"]
[BlackFideId "3523420"]
[EventDate "2025.06.03"]

1. e4 c5 2. Nf3 e6 3. c3 d5 4. exd5 e5 5. Nxe5 Qxd5 6. Bb5+ Nc6 7. Bxc6+ bxc6 8.
O-O Be6 9. Re1 Bd6 10. Nf3 Nf6 11. d3 O-O 12. h3 Rad8 13. Be3 Qh5 14. Ng5 Bg4
15. hxg4 Nxg4 16. Nh3 Rfe8 17. Nd2 Bh2+ 18. Kf1 Rxd3 19. Qe2 Rexe3 20. fxe3
Nxe3+ 21. Qxe3 Rxe3 22. Rxe3 g6 23. Rae1 Qd5 24. Nf3 Bg3 25. R1e2 h6 26. Nf2
Qxa2 27. Nd3 Qb1+ 28. Nde1 Kg7 29. Re7 a5 30. Ne5 Qf5+ 31. N5f3 a4 32. Kg1 Bd6
33. R7e4 a3 34. bxa3 c4 35. Rxc4 Qb5 36. Rce4 Bxa3 37. Nd4 Qc5 38. R4e3 Qd5 39.
Nef3 Bc5 40. Rd3 Qc4 41. Rdd2 Qxc3 42. g3 Bxd4+ 43. Nxd4 Qxg3+ 44. Kf1 Qh3+ 45.
Ke1 Qh4+ 46. Kd1 Qh1+ 47. Re1 Qd5 48. Ne6+ fxe6 49. Rxe6 Qxe6 50. Re2 Qg4 51.
Kd2 Qxe2+ 52. Kxe2 Kf6 53. Kf2 Kf5 54. Kf3 c5 55. Ke3 g5 56. Kf3 h5 57. Ke3 h4 0-1

[Event "Titled Tue 3rd Jun Early"]
[Site "chess.com INT"]
[Date "2025.06.03"]
[Round "10"]
[White "Ilinca, Felix-Antonio"]
[Black "Bortnyk, Olexandr"]
[Result "0-1"]
[WhiteTitle "IM"]
[BlackTitle "GM"]
[WhiteElo "2420"]
[BlackElo "2601"]
[WhiteFideId "54764998"]
[BlackFideId "14120828"]
[EventDate "2025.06.03"]

1. d4 Nf6 2. Nc3 d5 3. Bf4 a6 4. e3 e6 5. g4 h6 6. h4 c5 7. Bg2 Bd6 8. Bxd6 Qxd6
9. dxc5 Qxc5 10. g5 hxg5 11. hxg5 Rxh1 12. Bxh1 Nfd7 13. Qh5 g6 14. Qh4 b5 15.
O-O-O Bb7 16. Nf3 Nc6 17. Nd4 O-O-O 18. Nxc6 Bxc6 19. Kb1 Ne5 20. Qd4 Qxd4 21.
exd4 Nc4 22. Bg2 b4 23. Ne2 Bb5 24. Nf4 Nd6 25. c3 bxc3 26. bxc3 Kd7 27. Rh1 Rb8
28. Kc1 Bc4 29. Rh7 Kc6 30. Bf3 a5 31. Bd1 Bxa2 32. Ba4+ Kb6 33. Nd3 Rc8 34. Nc5
Bc4 35. Kb2 Bb5 36. Bxb5 Kxb5 37. Kb3 Ra8 38. Na4 Ra7 39. Rh8 Ne4 40. Rb8+ Kc6
41. f3 Nxg5 42. Nc5 Nxf3 43. Ka4 Nd2 44. Rc8+ Kd6 45. Kb5 Nc4 46. Rg8 Ke7 47.
Rg7 Kf6 48. Rg8 g5 49. Ka4 Kf5 50. Rg7 g4 51. Kb5 a4 52. Nxa4 Nd6+ 53. Kb4 Ne4
54. c4 dxc4 55. Nb6 Rb7 56. Kb5 c3 57. Ka6 Rxb6+ 58. Kxb6 c2 59. Rxf7+ Nf6 60.
Rc7 Nd5+ 61. Kb7 Nxc7 62. Kxc7 c1=Q+ 63. Kd6 Qc4 64. d5 Qxd5+ 65. Ke7 g3 66. Kf8
Kf6 67. Ke8 g2 68. Kf8 Qd8# 0-1

[Event "Titled Tue 3rd Jun Early"]
[Site "chess.com INT"]
[Date "2025.06.03"]
[Round "10"]
[White "Manukian, Artak"]
[Black "Kholyavko, Mariya"]
[Result "0-1"]
[BlackTitle "WFM"]
[WhiteElo "2104"]
[BlackElo "2130"]
[WhiteFideId "13301373"]
[BlackFideId "13748505"]
[EventDate "2025.06.03"]

1. e4 b6 2. d4 Bb7 3. Bd3 c5 4. d5 d6 5. c4 Nd7 6. f4 e6 7. Nc3 exd5 8. exd5 g6
9. Nf3 Bg7 10. O-O Ne7 11. g4 O-O 12. f5 Ne5 13. Nxe5 Bxe5 14. f6 Nc8 15. g5 a6
16. Qg4 h6 17. gxh6 Bxf6 18. Kh1 b5 19. Ne4 Be5 20. Bg5 Ne7 21. Bf6 Bxf6 22.
Nxf6+ Kh8 23. Qg5 bxc4 24. Bxc4 Bc8 25. Rae1 Bh3 26. Rf3 Bf5 27. Rfe3 Ra7 28.
Ne4 Ng8 29. Qf4 Bxe4+ 30. Rxe4 Qf6 31. Qg3 Qxb2 32. h7 Kxh7 33. Rh4+ Kg7 34.
Qxd6 Qf6 35. Qxf6+ Nxf6 36. d6 Rd7 37. Rd1 Rfd8 38. Bxa6 Rxd6 39. Rxd6 Rxd6 40.
Bc4 Rd4 41. Rxd4 cxd4 42. a4 Nd7 43. a5 f5 44. a6 Nb6 45. a7 Kf6 46. Kg2 Ke5 47.
Kf3 g5 48. Ba6 Kd6 49. Bb7 d3 50. Ke3 f4+ 51. Kxd3 g4 0-1

[Event "Titled Tue 3rd Jun Early"]
[Site "chess.com INT"]
[Date "2025.06.03"]
[Round "10"]
[White "Parfenov, Viktor N."]
[Black "Suarez, Pedro"]
[Result "1/2-1/2"]
[WhiteTitle "CM"]
[BlackTitle "CM"]
[WhiteElo "2193"]
[BlackElo "2066"]
[WhiteFideId "4165969"]
[BlackFideId "3007642"]
[EventDate "2025.06.03"]

1. d4 Nf6 2. Bg5 g6 3. Bxf6 exf6 4. e3 f5 5. c4 Bg7 6. Nc3 O-O 7. g3 c5 8. Nge2
Nc6 9. dxc5 Qa5 10. Bg2 Qxc5 11. Qd5 Qb4 12. Rb1 Ne5 13. b3 Ng4 14. Qd2 d6 15.
Nd5 Qxd2+ 16. Kxd2 Nxf2 17. Rhf1 Ng4 18. Nef4 Nxh2 19. Rh1 Ng4 20. Bf3 Ne5 21.
Be2 h5 22. Nxh5 gxh5 23. Ne7+ Kh7 24. Rxh5+ Bh6 25. Rbh1 Be6 26. Rxh6+ Kg7 27.
R6h5 Kf6 28. Nxf5 Bxf5 29. Rf1 Rh8 30. Rfxf5+ Ke7 31. c5 Rxh5 32. Rxh5 Rg8 33.
cxd6+ Kxd6 34. Rh6+ Ke7 35. Rh5 Kd6 36. Rh3 Rg6 37. e4 Nc6 38. a3 Ke5 39. Ke3
Rg5 40. Rh5 Rxh5 41. Bxh5 f6 42. b4 Nd4 43. Bd1 b6 44. Kd3 Nb5 45. a4 Nd4 46.
Ke3 a5 47. bxa5 bxa5 48. Kd3 Ne6 49. Bf3 Nc5+ 50. Kc4 Nxa4 51. Kb5 Nc3+ 52. Kxa5
Nxe4 53. g4 Kf4 54. Bd1 Nf2 55. Be2 Nxg4 56. Kb4 Ne5 57. Kc3 Ke3 58. Bh5 f5 59.
Kb4 f4 60. Kc5 Kf2 61. Kd5 Nd3 62. Ke4 Kg3 63. Kxd3 f3 64. Bxf3 1/2-1/2

[Event "Titled Tue 3rd Jun Early"]
[Site "chess.com INT"]
[Date "2025.06.03"]
[Round "10"]
[White "Chen, Yidong"]
[Black "Gelman, Alexander"]
[Result "0-1"]
[BlackTitle "IM"]
[WhiteElo "2038"]
[BlackElo "2403"]
[WhiteFideId "8607028"]
[BlackFideId "4118316"]
[EventDate "2025.06.03"]

1. e4 e5 2. Nf3 d6 3. d4 exd4 4. Nxd4 Nf6 5. Nc3 Be7 6. Bf4 O-O 7. Qd2 Nc6 8.
O-O-O Nxd4 9. Qxd4 Be6 10. f3 a6 11. g4 b5 12. h4 c5 13. Qe3 b4 14. Nd5 Nxd5 15.
exd5 Bd7 16. Bd3 Re8 17. Qf2 Bb5 18. Be4 c4 19. g5 b3 20. cxb3 cxb3 21. a3 Rc8+
22. Kb1 Ba4 23. Rc1 Qd7 24. h5 Rxc1+ 25. Rxc1 Rc8 26. Rxc8+ Qxc8 27. g6 fxg6 28.
hxg6 hxg6 29. Bxg6 Qc4 30. Be4 Be8 31. Qd2 Bf7 32. Qd3 Qxd3+ 33. Bxd3 Bxd5 34.
Bxa6 Bxf3 35. Bc4+ d5 36. Bxb3 g5 37. Bg3 Kg7 38. a4 Bb4 39. Kc1 Kf6 40. Bd1 g4
41. Bxf3 gxf3 42. Bf2 Kf5 43. Kc2 Ke4 44. b3 d4 45. Bg1 d3+ 46. Kd1 Bc3 47. Bf2
Bd4 48. Be1 f2 49. Bxf2 Bxf2 50. a5 Bc5 51. a6 Kd4 52. b4 Bb6 53. b5 Kc3 0-1

[Event "Titled Tue 3rd Jun Early"]
[Site "chess.com INT"]
[Date "2025.06.03"]
[Round "10"]
[White "Mitrabha, Guha"]
[Black "Maghsoodloo, Parham"]
[Result "1-0"]
[WhiteTitle "GM"]
[BlackTitle "GM"]
[WhiteElo "2515"]
[BlackElo "2706"]
[WhiteFideId "5057000"]
[BlackFideId "12539929"]
[EventDate "2025.06.03"]

1. Nf3 c5 2. g3 g6 3. Bg2 Bg7 4. O-O Nc6 5. c3 e5 6. Na3 d5 7. d3 Nge7 8. c4 d4
9. e3 O-O 10. exd4 cxd4 11. Nc2 a5 12. Re1 h6 13. b3 g5 14. Ba3 Re8 15. Bxe7
Rxe7 16. a3 Bf5 17. Rc1 e4 18. dxe4 Bxe4 19. Nd2 Bxg2 20. Kxg2 d3 21. Ne3 Bb2
22. Rb1 Bxa3 23. Qh5 Nd4 24. Nd5 Rxe1 25. Rxe1 Ra6 26. Re3 Nc2 27. Re5 Bb4 28.
Ne4 d2 29. Re8+ Qxe8 30. Ndf6+ Rxf6 31. Nxf6+ Kf8 32. Nxe8 Kxe8 33. Qe2+ Kf8 34.
Kh3 Nd4 35. Qd3 Ne6 36. Kg4 Kg7 37. Kh5 b6 38. Qc2 Nc5 39. Qb2+ f6 40. Qc2 Ne4
41. f3 Nf2 42. Qg6+ Kf8 43. Qxf6+ Ke8 44. Qe6+ Kd8 45. Qxb6+ Kd7 46. Qb5+ Ke7
47. Qe5+ Kd7 48. Qd5+ Kc7 49. Qe5+ Kd7 50. Qd5+ Ke7 51. Qe5+ Kf7 52. Qf5+ Ke8
53. Qe6+ Kd8 54. Qf6+ Kc7 55. Qe5+ Bd6 56. Qxa5+ Kd7 57. Qxd2 Nh3 58. Kxh6 Ng1
59. Qd1 Nh3 60. c5 1-0

[Event "Titled Tue 3rd Jun Early"]
[Site "chess.com INT"]
[Date "2025.06.03"]
[Round "10"]
[White "Tleukhanov, Yerlan"]
[Black "Nguyen Quang Anh"]
[Result "1-0"]
[WhiteTitle "FM"]
[BlackTitle "CM"]
[WhiteElo "2169"]
[BlackElo "2052"]
[WhiteFideId "13749692"]
[BlackFideId "12432377"]
[EventDate "2025.06.03"]

1. c4 Nf6 2. Nc3 c5 3. g3 g6 4. Bg2 Bg7 5. Nf3 O-O 6. O-O d6 7. d4 Nc6 8. dxc5
dxc5 9. Be3 Be6 10. Qa4 Nd4 11. Rad1 Bd7 12. Qa3 Nc2 13. Qxc5 b6 14. Qe5 Ng4 15.
Qe4 Ncxe3 16. fxe3 Nf6 17. Qf4 Nh5 18. Qh4 Qc7 19. Nd5 Qb7 20. Nxe7+ Kh8 21. Ne5
Qc7 22. Nxd7 Rae8 23. Nxf8 Rxe7 24. Nxg6+ fxg6 25. Bd5 Qe5 26. Rf3 Bf6 27. Qg4
Kg7 28. Rdf1 Rc7 29. b3 b5 30. Rf5 Qxe3+ 31. Kh1 Qh6 32. e4 Qe3 33. Rxh5 g5 34.
Qf5 Qd4 35. Qxh7+ Kf8 36. Qg8+ Ke7 37. Rh7+ Kd6 38. Qe6+ Kc5 39. Rxc7+ Kb4 40.
Qxf6 Qd3 41. Qf8+ Kc3 42. cxb5+ Kb2 43. Qf2+ Ka3 44. Rxa7+ Kb4 45. Qf8+ Kc3 46.
Rc7+ Kb2 47. Qf2+ Ka3 48. Re1 g4 49. b6 Qb5 50. b7 Qb4 51. Qa7+ Kb2 52. Qe3 Ka3
53. Rec1 Qb5 54. Qc5+ Qb4 55. Qxb4+ Kb2 56. b8=Q Kxa2 57. Qa7+ Kb2 58. Qaa3# 1-0

[Event "Titled Tue 3rd Jun Early"]
[Site "chess.com INT"]
[Date "2025.06.03"]
[Round "10"]
[White "Vlassov, Nikolai"]
[Black "Nagare Kaivalya Sandip"]
[Result "1/2-1/2"]
[WhiteTitle "IM"]
[BlackTitle "FM"]
[WhiteElo "2291"]
[BlackElo "2321"]
[WhiteFideId "4103360"]
[BlackFideId "25957929"]
[EventDate "2025.06.03"]

1. e4 c5 2. c3 Nf6 3. e5 Nd5 4. d4 cxd4 5. cxd4 Nc6 6. Nc3 Nxc3 7. bxc3 d6 8. f4
dxe5 9. fxe5 Bf5 10. Nf3 e6 11. Bd3 Bxd3 12. Qxd3 Be7 13. O-O O-O 14. Rb1 b6 15.
Rb2 Rc8 16. Rbf2 Na5 17. Bd2 Nc4 18. Be1 f5 19. exf6 Bxf6 20. Qe4 Qd5 21. Re2
Rfe8 22. Bg3 Qxe4 23. Rxe4 Nb2 24. Re3 Na4 25. Be1 b5 26. Bd2 Re7 27. Rfe1 Rce8
28. Ne5 Bxe5 29. Rxe5 a6 30. d5 Nb2 31. Bg5 Rd7 32. Rxe6 Rf8 33. d6 Nc4 34. Be7
Re8 35. Rf1 h6 36. h4 Nxd6 37. Rxd6 Rexe7 38. Rxa6 Re4 39. Rb6 Rd5 40. g3 Re3
41. Kh2 Rxc3 42. Rb7 Rdd3 43. Rg1 Rd5 44. Re1 Rd2+ 45. Kh3 Rdd3 46. Rg1 Rc5 47.
Re1 Rcc3 48. Rg1 Rc2 49. Rxb5 Rxa2 50. Rg2 Ra1 51. Rb7 h5 52. Re2 Raa3 53. Rg2
Kh7 54. Rb6 g6 55. Rb5 Kh6 56. Rg5 Rd1 57. Re2 Rh1+ 58. Kg2 Raa1 59. Re6 Rag1+
60. Kf2 Rf1+ 61. Kg2 Rhg1+ 62. Kh2 Rh1+ 63. Kg2 Rfg1+ 64. Kf2 Rf1+ 65. Kg2 1/2-1/2